| 000 | 00444nam a2200157Ia 4500 | ||
|---|---|---|---|
| 008 | 230314s9999 xx 000 0 und d | ||
| 020 | _a978-93-5152-299-7 | ||
| 041 | _aeng | ||
| 082 | _aN/613.2/CLE/B08430 | ||
| 100 |
_aClement I _9119826 |
||
| 245 | _aTextbook on Nutrition and Dietetics for Post Basic BSc Nursing Students | ||
| 260 |
_bJaypee Brothers _aNew Delhi _c2015 |
||
| 300 | _a635p | ||
| 906 | _bGNM | ||
| 999 |
_c141985 _d141985 |
||